00353nam a2200097 4500008004100000020001500041082001800056245010300074260006600177300001200243230620b xxu||||| |||| 00| 0 eng d a9966958746 a323bICJ 2005 aInternational Human Rights StandardsbMaking a Case for Kenya's Ratification of Optional Protocols aKenyabThe Kenyan Section of the International Jurists c2005 aVI,153p